| 000 | 00627nam a2200217Ia 4500 | ||
|---|---|---|---|
| 003 | IN-BaIIA | ||
| 008 | 211028s9999 xx 000 0 eng d | ||
| 020 | _a90-277-0201-2 | ||
| 040 | _cIIA Library | ||
| 080 |
_a082.2:52 _bIAU-S43 |
||
| 245 | 0 |
_aSolar magnetic fields _cedited by Robert Howard |
|
| 260 |
_aDordrecht _bD. Reidel Publishing _c1971 |
||
| 300 | _axvi, 782p. | ||
| 490 | _aIAU Symposium; no. 43 | ||
| 650 | _aAstronomy and Astrophysics Thesaurus | ||
| 650 |
_aMagnetic Fields _9530 |
||
| 650 |
_aSolar Magnetic Fields _94454 |
||
| 650 | _aSolar Physics | ||
| 700 |
_aHoward, Robert., ed. _96902 |
||
| 942 | _cBK | ||
| 999 |
_c3881 _d3881 |
||